书目信息 |
| 题名: |
组织学与胚胎学
|
|
| 作者: | 贲长恩 主编 | |
| 分册: | ||
| 出版信息: | 北京 学苑出版社 1995.5 |
|
| 页数: | 265页 | |
| 开本: | 26cm | |
| 丛书名: | ||
| 单 册: | ||
| 中图分类: | R329-43 | |
| 科图分类: | ||
| 主题词: | 人体组织学--ren ti zu zhi xue--医学院校--教材 , 人体胚胎学--ren ti pei tai xue--医学院校--教材 | |
| 电子资源: | ||
| ISBN: | 7-5077-0689-3 | |
| 000 | 00817nam0 2200241 45 | |
| 001 | 012006000000 | |
| 005 | 20061229112254.90 | |
| 010 | @a7-5077-0689-3@dCNY22.00 | |
| 100 | @a20061027e20041995em y0chiy0121 ea | |
| 101 | 0 | @achi |
| 102 | @aCN@b110000 | |
| 105 | @aa z 000yy | |
| 200 | 1 | @a组织学与胚胎学@Azu zhi xue yu pei tai xue@f贲长恩主编 |
| 210 | @a北京@c学苑出版社@d1995.5@h2004.8重印 | |
| 215 | @a265页@c图@d26cm | |
| 300 | @a普通高等中医药院校协编教材 | |
| 330 | @a本书共十九章, 内容包括: 绪论; 上皮组织; 结缔组织; 肌组织; 神经组织; 神经系统; 循环系统等。 | |
| 606 | 0 | @a人体组织学@Aren ti zu zhi xue@x医学院校@j教材 |
| 606 | 0 | @a人体胚胎学@Aren ti pei tai xue@x医学院校@j教材 |
| 690 | @aR329-43@v4 | |
| 701 | 0 | @a贲长恩@Aben chang en@4主编 |
| 801 | 0 | @aCN@c20061229 |
| 905 | @a10447@dR329-43@eB711 | |
| 组织学与胚胎学/贲长恩主编.-北京:学苑出版社,1995.5(2004.8重印) |
| 265页:图;26cm |
| 普通高等中医药院校协编教材 |
| ISBN 7-5077-0689-3:CNY22.00 |
| 本书共十九章, 内容包括: 绪论; 上皮组织; 结缔组织; 肌组织; 神经组织; 神经系统; 循环系统等。 |
| ● |
| 相关链接 |
|
|
|
正题名:组织学与胚胎学
索取号:R329-43/B711
 
预约/预借
| 序号 | 登录号 | 条形码 | 馆藏地/架位号 | 状态 | 备注 |
| 1 | 640397 | 206403970 | 自科库401/401自科库 14排1列5层/ [索取号:R329-43/B711] | 在馆 | |
| 2 | 640398 | 206403989 | 自科库401/401自科库 14排1列5层/ [索取号:R329-43/B711] | 在馆 | |
| 3 | 640399 | 206403998 | 自科库401/401自科库 14排1列5层/ [索取号:R329-43/B711] | 在馆 |